Mit hagytak ránk a századok? fejezetek Nagyabony történelméből

Bibliographic Details
Main Authors: Presinszky, Lajos, 1939-2010 (Author), Huszárné, Edmár Mária (Author), Olgyay, Ede (Author)
Other Authors: Németh, Miklós (Photographer)
Format: Book
Language:Hungarian
PhysicalDescription:675 strán fotografie (niektoré farebné), schémy 21 cm
Published: Šamorín FOTOS - Szitás Zoltán 2002
ISBN:8096881329
Subjects:

MARC

LEADER 00000cam a2200000 a 4500
001 vtls001446561
003 SK-MaSNL
005 20260302002154.0
008 240226s2002 xo ol grn 000 0 hun
015 |a SNBA2003/04-00990 
020 |a 8096881329  |q (brožované) 
035 |a SNK000401812 
035 |a urn:nbn:sk:snk-am3j0h5 
035 |a 92B7E686-D31F-4B72-A724-670CA7EE8E79 
035 |a urn:nbn:sk:snk-am00glww 
040 |a SNK  |b slo  |c SNK  |e AACR2 
041 0 |a hun 
043 |a e-xo--- 
044 |a xo  |c SK 
072 7 |a 911  |x Všeobecná geografia. Systematická geografia  |2 konspekt 
080 |a (437.612)  |2 2011 
080 |a 911.373  |2 2011 
080 |a 911.375(091)  |2 2011 
080 |a (048.8)  |2 2011 
100 1 |a Presinszky, Lajos,  |d 1939-2010  |4 aut  |9 205481 
245 1 0 |a Mit hagytak ránk a századok?  |b fejezetek Nagyabony történelméből  |c Presinzsky Lajos, Huszárné Edmár Mária, Olgyay Ede ; foto: Németh Miklósés archívum 
260 |a Šamorín  |b FOTOS - Szitás Zoltán  |c 2002 
300 |a 675 strán  |b fotografie (niektoré farebné), schémy  |c 21 cm 
366 |e 1000 kusov 
500 |a Tiráž aj v slovenčine 
504 |a Bibliografia na strane 673-675 
650 0 7 |a obce  |2 SNKPH  |9 2935 
650 0 7 |a dejiny obcí  |2 SNKPH  |9 164834 
651 7 |a Veľké Blahovo (Slovensko)  |2 SNKPHgeo  |9 152988 
655 7 |a monografie  |2 SNKPH  |9 70139 
700 1 |a Huszárné, Edmár Mária  |4 aut  |9 639198 
700 1 |a Olgyay, Ede  |4 aut  |9 639199 
700 1 |a Németh, Miklós  |4 pht  |9 639200 
919 |a 80-968813-2-9 
958 |a TL 
958 |a NB 
958 |a HU 
958 |a OND 
999 |c 986902  |d 988832 
952 |a SNK  |b SNK  |y PREZ  |7 0  |p 17A0367962  |o snkSC 110192  |i snkKSP 15215/2002  |0 0  |1 0  |4 0  |d 2002-12-17  |f 1  |l 0  |r 2025-09-30 00:00:00  |w 2026-02-24 
952 |a SNK  |b SNK  |y VYP  |7 0  |p 17A0367963  |o snkSC 110192 D1  |i snkKSP 15216/2002  |0 0  |1 0  |4 0  |d 2002-12-17  |l 0  |r 2005-01-02 00:00:00  |w 2026-02-24